[Event "POHÁR města Říčany 2021"]
[Site "Městské kulturní středisko U labutě"]
[Date "2021.08.21"]
[Round "1.34"]
[White "Strnad, Michael"]
[Black "Pisar, Tomas"]
[Result "1-0"]
[WhiteElo "1868"]
[BlackElo "1528"]
[PlyCount "0"]
[EventDate "2021.08.21"]

1. e4 e5 2. Nf3 Nc6 3. Nc3 Nf6 4. Bb5 Bc5 5. Nxe5 Nxe5 6. d4 Nc6 7. dxc5 Qe7
8. O-O Qxc5 9. Be3 Qb4 10. e5 Nxe5 11. Bd4 c6 12. Bxe5 cxb5 13. Bd6 1-0

[Event "POHÁR města Říčany 2021"]
[Site "Městské kulturní středisko U labutě"]
[Date "2021.08.21"]
[Round "1.35"]
[White "Chon, Jeremy"]
[Black "Pavlicek, Petr"]
[Result "0-1"]
[WhiteElo "1454"]
[BlackElo "1863"]
[PlyCount "0"]
[EventDate "2021.08.21"]

1. Nf3 Nf6 2. d4 g6 3. e3 Bg7 4. Bd3 d5 5. Nbd2 O-O 6. b3 b6 7. O-O Bb7 8. Bb2
Ne4 9. c4 c5 10. Rc1 Na6 11. a3 e6 12. cxd5 Nxd2 13. Qxd2 Qxd5 14. Bc4 Qf5
15. Qd3 Be4 16. Qe2 Bxf3 17. Qxf3 Qxf3 18. gxf3 Nc7 19. Be2 Rac8 20. Rc4 Rfd8
21. Rfc1 Ne8 22. R4c2 Nd6 23. Ba6 Rc6 24. b4 b5 25. bxc5 Rxa6 26. cxd6 Raxd6
27. Rc7 R6d7 28. Rxd7 Rxd7 29. Rc6 Bf8 30. a4 b4 0-1